Statistics for David Bowie (1947-2016) Tribute Quiz

Click here to take the quiz!

General Stats

  • This quiz has been taken 242 times
  • The average score is 11 of 15

Answer Stats

lyricssong% Correct
Ch-ch-ch-ch-_______ / Turn and face the strainChanges
99%
Ground Control to Major Tom / Commencing countdown, engines onSpace Oddity
95%
Ziggy played guitar / Jamming good with Weird and GillyZiggy Stardust
90%
I, I will be king / And you, you will be queenHeroes
86%
It's a god-awful small affair / To the girl with the mousy hairLife on Mars?
80%
And when I get excited my little _____ ____ says / Oh baby just you shut your mouthChina Girl
78%
If you should fall into my arms / And tremble like a flowerLet's Dance
77%
I never done good things / I never done bad thingsAshes to Ashes
68%
The ____ _____ lives on his back / The ____ _____ loves chimney stacksThe Jean Genie
67%
Hey man, oh leave me alone you know / Hey man, oh Henry, get off the phoneSuffragette City
60%
Do you remember, your President Nixon? / Do you remember, the bills you have to payYoung Americans
60%
There's a brand new dance / But I don't know its nameFashion
53%
Blue, blue, electric blue / That's the colour of my roomSound and Vision
51%
Look at that sky, life's begun / Nights are warm and the days are youngGolden Years
44%
The return of the Thin White Duke / Throwing darts in lovers' eyesStation to Station
44%

Score Distribution

Percentile by Number Answered

Percent of People with Each Score

Your Score History

You have not taken this quiz